<?xml version="1.0" encoding="UTF-8"?>
<collection xmlns="http://www.loc.gov/MARC21/slim">
<record>
  <controlfield tag="001">111626</controlfield>
  <controlfield tag="005">20230519145453.0</controlfield>
  <datafield tag="024" ind1="7" ind2=" ">
    <subfield code="2">doi</subfield>
    <subfield code="a">10.1016/j.prevetmed.2021.105513</subfield>
  </datafield>
  <datafield tag="024" ind1="8" ind2=" ">
    <subfield code="2">sideral</subfield>
    <subfield code="a">126018</subfield>
  </datafield>
  <datafield tag="037" ind1=" " ind2=" ">
    <subfield code="a">ART-2021-126018</subfield>
  </datafield>
  <datafield tag="041" ind1=" " ind2=" ">
    <subfield code="a">eng</subfield>
  </datafield>
  <datafield tag="100" ind1=" " ind2=" ">
    <subfield code="a">Losada-Espinosa, N.</subfield>
  </datafield>
  <datafield tag="245" ind1=" " ind2=" ">
    <subfield code="a">Cattle welfare assessment at the slaughterhouse level: Integrated risk profiles based on the animal''s origin, pre-slaughter logistics, and iceberg indicators</subfield>
  </datafield>
  <datafield tag="260" ind1=" " ind2=" ">
    <subfield code="c">2021</subfield>
  </datafield>
  <datafield tag="506" ind1="0" ind2=" ">
    <subfield code="a">Access copy available to the general public</subfield>
    <subfield code="f">Unrestricted</subfield>
  </datafield>
  <datafield tag="520" ind1="3" ind2=" ">
    <subfield code="a">Detection of on farm and transport animal welfare problems at slaughterhouse level is a key issue for the meat industry; however, usually, the assessments do not include basic aspects of animal health. For that reason, it is necessary to develop an assessment method that has an integrative scope and identifies the risk profiles in an-imals. Therefore, the aim of the present study was to detect cattle welfare indicators that can be implemented at the slaughterhouse level and to develop integrated risk profiles based on the animal''s origin, pre-slaughter lo-gistics, and animal-based indicators. We recorded the origin, commercial category, transportation details, and horn size of 1040 cattle upon arrival at the slaughterhouse. Cattle welfare was measured based on individual scores for vocalizations, stunning shots, carcass bruises, meat pH, severe hoof injuries, and organ condemnations. To characterize operational and logistic practices from the farm to the slaughterhouse, a two-step cluster analysis was applied to the aforementioned variables (production system, cattle type, horn size, journey distance, vehicle type), which identified four clusters: small feedlot and free-range profile (C1, n = 216, 20.8 %), feedlot profile (C2, n = 193, 18.6 %), culled dairy cows profile (C3, n = 262, 25.2 %), and free-range profile (C4, n = 369, 35.5 %). The animal''s diet and environmental conditions might have influenced the development of hoof disorders in C1 animals (P = 0.023), the proportion of animals that were re-shot was highest in C2 animals (P = 0.033), and C3 and C4 animals were most likely to suffer injuries such as severe bruising (P = 0.001). In addition, the number of stunning shots, meat pH, carcass bruises, severe hoof injuries, and liver condemnations, explained a significant variation in the incidence of various health and welfare consequences based on an animal''s origin, which confirmed their importance as ''welfare iceberg'' indicators. The study provided detailed data that can be included into assessment methods for the welfare of slaughter cattle, which can be tailored to specific production systems.</subfield>
  </datafield>
  <datafield tag="536" ind1=" " ind2=" ">
    <subfield code="9">info:eu-repo/grantAgreement/ES/MINECO-FEDER/CONACYT-259327</subfield>
  </datafield>
  <datafield tag="540" ind1=" " ind2=" ">
    <subfield code="9">info:eu-repo/semantics/openAccess</subfield>
    <subfield code="a">by-nc-nd</subfield>
    <subfield code="u">http://creativecommons.org/licenses/by-nc-nd/3.0/es/</subfield>
  </datafield>
  <datafield tag="590" ind1=" " ind2=" ">
    <subfield code="a">3.372</subfield>
    <subfield code="b">2021</subfield>
  </datafield>
  <datafield tag="591" ind1=" " ind2=" ">
    <subfield code="a">VETERINARY SCIENCES</subfield>
    <subfield code="b">14 / 145 = 0.097</subfield>
    <subfield code="c">2021</subfield>
    <subfield code="d">Q1</subfield>
    <subfield code="e">T1</subfield>
  </datafield>
  <datafield tag="592" ind1=" " ind2=" ">
    <subfield code="a">0.675</subfield>
    <subfield code="b">2021</subfield>
  </datafield>
  <datafield tag="593" ind1=" " ind2=" ">
    <subfield code="a">Food Animals</subfield>
    <subfield code="c">2021</subfield>
    <subfield code="d">Q1</subfield>
  </datafield>
  <datafield tag="593" ind1=" " ind2=" ">
    <subfield code="a">Animal Science and Zoology</subfield>
    <subfield code="c">2021</subfield>
    <subfield code="d">Q1</subfield>
  </datafield>
  <datafield tag="594" ind1=" " ind2=" ">
    <subfield code="a">4.6</subfield>
    <subfield code="b">2021</subfield>
  </datafield>
  <datafield tag="655" ind1=" " ind2="4">
    <subfield code="a">info:eu-repo/semantics/article</subfield>
    <subfield code="v">info:eu-repo/semantics/publishedVersion</subfield>
  </datafield>
  <datafield tag="700" ind1=" " ind2=" ">
    <subfield code="a">Estevez-Moreno, L.X.</subfield>
    <subfield code="u">Universidad de Zaragoza</subfield>
    <subfield code="0">(orcid)0000-0002-4647-9315</subfield>
  </datafield>
  <datafield tag="700" ind1=" " ind2=" ">
    <subfield code="a">Bautista-Fernandez, M.</subfield>
  </datafield>
  <datafield tag="700" ind1=" " ind2=" ">
    <subfield code="a">Galindo, F.</subfield>
  </datafield>
  <datafield tag="700" ind1=" " ind2=" ">
    <subfield code="a">Salem, A.Z.M.</subfield>
  </datafield>
  <datafield tag="700" ind1=" " ind2=" ">
    <subfield code="a">Miranda-De la Lama, G.C.</subfield>
    <subfield code="u">Universidad de Zaragoza</subfield>
    <subfield code="0">(orcid)0000-0002-6848-1010</subfield>
  </datafield>
  <datafield tag="710" ind1="2" ind2=" ">
    <subfield code="1">2008</subfield>
    <subfield code="2">700</subfield>
    <subfield code="a">Universidad de Zaragoza</subfield>
    <subfield code="b">Dpto. Produc.Animal Cienc.Ali.</subfield>
    <subfield code="c">Área Producción Animal</subfield>
  </datafield>
  <datafield tag="773" ind1=" " ind2=" ">
    <subfield code="g">197 (2021), 105513 [9 pp.]</subfield>
    <subfield code="p">Prev. vet. med.</subfield>
    <subfield code="t">PREVENTIVE VETERINARY MEDICINE</subfield>
    <subfield code="x">0167-5877</subfield>
  </datafield>
  <datafield tag="856" ind1="4" ind2=" ">
    <subfield code="s">524499</subfield>
    <subfield code="u">http://zaguan.unizar.es/record/111626/files/texto_completo.pdf</subfield>
    <subfield code="y">Versión publicada</subfield>
  </datafield>
  <datafield tag="856" ind1="4" ind2=" ">
    <subfield code="s">2481177</subfield>
    <subfield code="u">http://zaguan.unizar.es/record/111626/files/texto_completo.jpg?subformat=icon</subfield>
    <subfield code="x">icon</subfield>
    <subfield code="y">Versión publicada</subfield>
  </datafield>
  <datafield tag="909" ind1="C" ind2="O">
    <subfield code="o">oai:zaguan.unizar.es:111626</subfield>
    <subfield code="p">articulos</subfield>
    <subfield code="p">driver</subfield>
  </datafield>
  <datafield tag="951" ind1=" " ind2=" ">
    <subfield code="a">2023-05-18-14:47:53</subfield>
  </datafield>
  <datafield tag="980" ind1=" " ind2=" ">
    <subfield code="a">ARTICLE</subfield>
  </datafield>
</record>
</collection>